Estadísticas para Top 10 Estados de México más Grandes por Área

Haz click aquí para tomar la prueba!

Estadísticas generales

  • Esta prueba ha sido tomada 118 veces
  • La puntuación promedio es 8 de 10

Estadísticas de respuestas

mi2Estado% Correcto
95,540Chihuahua
98%
30,343Jalisco
96%
36,200Oaxaca
92%
69,249Sonora
91%
28,306Chiapas
80%
47,613Durango
78%
29,067Zacatecas
78%
58,531Coahuila
77%
30,884Tamaulipas
72%
28,536Baja California Sur
60%

Distribución de puntuación

Porcentaje por número respondido

Porcentaje de gente con cada puntuación

Historial de tus puntuaciones

No has tomado esta prueba